000 00899nam a22002297a 4500
003 AM-YEHGA
005 20250617163742.0
008 210716s ||||| |||| 00| 0 rus d
040 _aAM-YeHGA
041 0 _arus
100 1 _aДмитриев, Николай Леонидович.
245 0 0 _aРастительный и животный мир Калужской области /
_cН. Дмитриев, Л. Зеленова, М. Кунаков.
260 _aКалуга :
_bКн. изд-во,
300 _aвыпуск
505 _gВып. 2: (1962. - 186 с. : ил. ) /
_rЛ. Зеленова, М. Кунаков /
_t Животный мир
653 0 _aКалужская область - Растительный и животный мир
700 _aЗеленова, Н.
700 _aКунаков, М.
942 _2udc
_cBK
001 1780772
090 _c515558
999 _c512051
_d512051